• 首页
  • 本馆介绍
  • 公告通知
  • 最新文献
  • 馆藏检索
  • 电子资源
  • 读者导购
  • 参考咨询
  • 我的图书馆
  • 登录
  • 详细信息显示
  • 放入我的书架
  • 预约/预借图书
  • 作者相关作品
  • 分类相关作品
  • 丛书相关作品
  • 出版社相关作品

书目信息

  • 表格格式
  • 工作单格式
  • 卡片格式
题名:
婚姻是女人一辈子的事
    
 
作者: 海菲 著
分册:  
出版信息: 北京   华夏出版社  2014
页数: 208页
开本: 21cm
丛书名:
单 册:
中图分类: C913.13
科图分类:
主题词: 女性--nv xing--婚姻--女性读物
电子资源:
ISBN: 978-7-5080-8091-8
000 01009nam0 22002411 450
001 1730239214
005 20170525101410.0
010    @a978-7-5080-8091-8@dCNY25.00
100    @a20140929d2014 em y0chiy50 ea
101 0  @achi
102    @aCN@b110000
105    @aa z 000yy
106    @ar
200 1  @a婚姻是女人一辈子的事@Ahun yin shi nv ren yi bei zi de shi@f海菲著
210    @a北京@c华夏出版社@d2014
215    @a208页@c图@d21cm
300    @a人生金书 我的青春不抓狂 4 插图·精读本
330    @a本书以亲切自然的文字和大量生活化的事例,为年轻女性们提供了获取幸福婚姻的“方程式”,作者从自己情感咨询师的专业角度出发,针对婚姻中最常遇到的问题和纠纷,提出了独特的观点,并给出了相应的指导性意见,旨在帮助未婚女性提前了解婚姻的真相,帮助已婚女性学习如何经营婚姻,引导女性在拥有忠贞爱情的同时,获得幸福的婚姻,拥有完美的人生。
606 0  @a女性@Anv xing@x婚姻@j女性读物
690    @aC913.13@v5
701  0 @a海菲@Ahai fei@4著
801  0 @aCN@bTANG WEI@c20170510
905    @b0967680-3@dC913.13@e1018@f4
    
    婚姻是女人一辈子的事/海菲著.-北京:华夏出版社,2014
    208页:图;21cm
    人生金书 我的青春不抓狂 4 插图·精读本
    
    ISBN 978-7-5080-8091-8:CNY25.00
    本书以亲切自然的文字和大量生活化的事例,为年轻女性们提供了获取幸福婚姻的“方程式”,作者从自己情感咨询师的专业角度出发,针对婚姻中最常遇到的问题和纠纷,提出了独特的观点,并给出了相应的指导性意见,旨在帮助未婚女性提前了解婚姻的真相,帮助已婚女性学习如何经营婚姻,引导女性在拥有忠贞爱情的同时,获得幸福的婚姻,拥有完美的人生。
●
相关链接 在E读中查询图书 在五车中查询图书 在当当中查询图书 在豆瓣中查询图书


正题名:婚姻是女人一辈子的事     索取号:C913.13/1018         预约/预借

序号 登录号 条形码 馆藏地/架位号 状态 备注
1 0967680   209676803   第一样本阅览室/ [索取号:C913.13/1018] 在馆    
2 0967681   209676812   第一借阅区/ [索取号:C913.13/1018] 在馆    
3 0967682   209676821   第一借阅区/ [索取号:C913.13/1018] 在馆    
4 0967683   209676830   第一借阅区/ [索取号:C913.13/1018] 在馆    
唐山师范学院图书馆 欢迎您!
大连网信软件有限公司© 版权所有